| 000 | 00745nam a22001817a 4500 | ||
|---|---|---|---|
| 008 | 120314t xxu||||| |||| 00| 0 eng d | ||
| 020 | _a0273688766 | ||
| 050 | _aHD58.7.M851 | ||
| 100 | _aMullins, Laurie J. | ||
| 245 |
_aManagement and organisational behaviour / _cLaurie J. Mullins |
||
| 250 | _a7th ed. | ||
| 260 |
_aHarlow: _bPrentice Hall, _cc2004. |
||
| 300 |
_axxii, 1049p. _bill(some col.) _c26cm. |
||
| 500 | _aIncludes index | ||
| 505 | _aContents: Management and organisational behaviour -- The Organisational setting -- The Role of the manager -- The Individual -- Groups and teamwork -- Organisatinal structures -- Management of human resources -- Improving organisational performance. | ||
| 650 | _aManagement. | ||
| 942 |
_2lcc _cBK |
||
| 999 |
_c646 _d8146 |
||